| 000 | 00939cam a22002534a 4500 | ||
|---|---|---|---|
| 001 | 11875096 | ||
| 005 | 20250729173306.0 | ||
| 008 | 991222s2000 miu bd 001 0 eng | ||
| 020 | _a0801020743 | ||
| 020 | _a9780801020742 | ||
| 050 | 0 | 0 |
_aBV2040 _b.E92 2000 |
| 082 | 0 | 0 |
_a266/.003 _221 |
| 245 | 0 | 0 |
_aEvangelical dictionary of world missions / _cgeneral editor, A. Scott Moreau ; associate editors, Harold Netland and Charles van Engen ; consulting editors, David Burnett ... [et al.]. |
| 260 |
_aGrand Rapids, Mich. : _bBaker Books ; _aCarlisle, Cumbria, UK : _bPaternoster Press, _cc2000. |
||
| 300 |
_a1068 p. ; _c27 cm. |
||
| 440 | 0 | _aBaker reference library | |
| 650 | 0 |
_aMissions _vDictionaries. |
|
| 650 | 0 |
_aMissions _xTheory _vDictionaries. |
|
| 700 | 1 |
_aMoreau, A. Scott, _d1955- |
|
| 700 | 1 |
_aNetland, Harold, A., _d1955- |
|
| 700 | 1 | _aEngen, Charles Edward van. | |
| 700 | 1 |
_aBurnett, David, _d1943- |
|
| 942 |
_2lcc _cREF _n0 |
||
| 999 |
_c7210 _d7210 |
||